Úspěšný networking zábavné a prosperující obchodní vztahy

Uložené v:
Podrobná bibliografia
Hlavný autor: Boeová, Anna
Médium: Kniha
Jazyk:Czech
Vydavateľské údaje: Brno ALMAN 2000
Predmet:
Tagy: Pridať tag
Žiadne tagy, Buďte prvý, kto otaguje tento záznam!

MARC

LEADER 00000nam a2200000 4500
001 c124888
005 20221108083904.1
020 |a 80-86135-10-1 
041 0 |a cze 
044 |a CZ 
245 1 0 |a Úspěšný networking  |b zábavné a prosperující obchodní vztahy  |c Anna Boeová 
264 1 |a Brno  |b ALMAN  |c 2000 
300 |a 228 s. 
610 2 0 |a vzťahy medziľudské 
610 2 0 |a vzťahy neformálne 
610 2 0 |a vzťahy obchodné 
610 2 0 |a vzťahy pracovné 
610 2 0 |a vzťahy spoločenské 
610 2 0 |a vzťah k práci 
610 2 0 |a psychológia 
610 2 0 |a psychológia práce 
610 2 0 |a psychológia predaja 
610 2 0 |a osobnosť 
610 2 0 |a komunikácia masová 
610 2 0 |a komunikácia sociálna 
610 2 0 |a tímy pracovné 
100 1 |a Boeová, Anna